|
|
|
|
| LEADER |
00565nam a22001577a 4500 |
| 020 |
|
|
|a 0333240103
|
| 082 |
|
|
|a 824
|b WHE/T L9
|
| 100 |
|
|
|a Wheeler Michael
|9 159190
|
| 245 |
|
|
|a The Art of Allusion in Victorian Fiction
|
| 250 |
|
|
|a 1st
|
| 260 |
|
|
|a London & Basingstoke;
|b The Macmillan Press Ltd;
|c 1979
|
| 300 |
|
|
|a 182p.
|
| 650 |
|
|
|a Fiction Study; English Literature
|9 298378
|
| 942 |
|
|
|c BK
|
| 999 |
|
|
|c 60919
|d 60919
|
| 952 |
|
|
|0 0
|1 0
|4 0
|6 824_000000000000000_WHE_T_L9
|7 0
|8 EngFic
|9 73195
|a MAL
|b MAL
|d 2016-09-17
|e 32508
|g 10.00
|l 0
|o 824 WHE/T L9
|p MAL032508
|r 2016-09-17
|t 1
|w 2016-09-17
|y BK
|